[Event "DSOL 2021"]
[Site "Germany"]
[Date "2021.02.23"]
[Round "4.3"]
[White "Johann, Gregor"]
[Black "Adams, Nico"]
[Result "0-1"]
[WhiteElo "2003"]
[BlackElo "1650"]
[Annotator "ChessBase"]
[PlyCount "68"]
[EventDate "2021.01.18"]
[EventType "team-tourn"]
[EventCountry "GER"]
[SourceTitle "playchess.com"]
[Source "ChessBase"]
[SourceQuality "1"]

1. d4 Nf6 2. Nf3 d5 3. Bf4 Nc6 4. e3 Bf5 5. c4 e6 6. Nc3 Bb4 7. Qb3 O-O 8. Ne5 a5 9. a3 a4 10. Nxc6 axb3 11. Nxd8 Bxc3+ 12. bxc3 Raxd8 13. Bxc7 b2 14. Rd1 Ra8 15. Bd6 Rfd8 16. Bb4 Bc2 17. Kd2 Bxd1 18. Bd3 dxc4 19. Rxd1 cxd3 20. Kxd3 Nd5 21. Kc2 Nxb4+ 22. axb4 Ra1 23. Rb1 Rxb1 24. Kxb1 f5 25. Kxb2 e5 26. Kb3 Kf7 27. Kc4 Rc8+ 28. Kd3 e4+ 29. Kc2 b5 30. Kb3 h5 31. g3 Ke6 32. h4 Kd5 33. Kc2 Kc4 34. Kb2 Kd3 0-1

[Event "DSOL 2021"]
[Site "Germany"]
[Date "2021.02.22"]
[Round "4.3"]
[White "Buchholz, Robert"]
[Black "Killgus, Leonard"]
[Result "1/2-1/2"]
[WhiteElo "1988"]
[BlackElo "1620"]
[Annotator "TA"]
[PlyCount "74"]
[EventDate "2021.01.18"]
[EventType "team-tourn"]
[EventCountry "GER"]
[SourceTitle "playchess.com"]
[Source "ChessBase"]
[SourceQuality "1"]

1. d4 Nf6 2. c4 g6 3. Nc3 d5 4. Nf3 Bg7 5. Bf4 O-O 6. e3 c5 7. dxc5 Qa5 8. Rc1 dxc4 9. Bxc4 Qxc5 10. Bb3 Qa5 11. O-O Nc6 12. Qe2 e5 13. Bg3 Bg4 14. Qb5 Qxb5 15. Nxb5 Ne4 16. Bd5 Nxg3 17. hxg3 Rac8 18. Bxc6 bxc6 19. Nc3 e4 20. Nxe4 Bxb2 21. Rc2 Bg7 22. Rfc1 Bf5 23. Nfd2 Rfe8 24. Nd6 Bxc2 25. Nxc8 Rxc8 26. Rxc2 Kf8 27. Kf1 Ke7 28. Ke2 Kd7 29. g4 h6 30. f4 Bf6 31. e4 Rb8 32. e5 Be7 33. Ne4 Rb4 34. Ke3 Ra4 35. Rd2+ Kc7 36. Rc2 Ra3+ 37. Ke2 Ra4 1/2-1/2

[Event "DSOL 2021"]
[Site "Germany"]
[Date "2021.02.22"]
[Round "4.3"]
[White "Ernst, Franz"]
[Black "Gruber, Bernd"]
[Result "1-0"]
[WhiteElo "1961"]
[BlackElo "1934"]
[Annotator "TA"]
[PlyCount "149"]
[EventDate "2021.01.18"]
[EventType "team-tourn"]
[EventCountry "GER"]
[SourceTitle "playchess.com"]
[Source "ChessBase"]
[SourceQuality "1"]

1. e4 d5 2. exd5 Qxd5 3. Nc3 Qd8 4. d4 Nf6 5. Bg5 Nbd7 6. Nf3 g6 7. Bc4 Bg7 8. Qd2 O-O 9. O-O b6 10. Rad1 Bb7 11. d5 a6 12. Rfe1 b5 13. Bb3 Nc5 14. Ne5 Qd6 15. Bf4 Qb6 16. Nf3 Rfe8 17. h3 Rad8 18. Be3 c6 19. Qd4 Nfd7 20. Qh4 Qc7 21. dxc6 Bxc6 22. Ng5 Nxb3 23. Qxh7+ Kf8 24. axb3 Nf6 25. Qh4 Qb7 26. f3 Qc8 27. Bd4 Qf5 28. Re2 Rxd4 29. Rxd4 Nh5 30. Rd1 Bh6 31. Nge4 Kg7 32. Qg4 Nf4 33. Ree1 b4 34. Ne2 Bxe4 35. fxe4 Qc5+ 36. Kh1 Nh5 37. Rd5 Qf2 38. Red1 Nf6 39. Qf3 Qxf3 40. gxf3 Nxd5 41. Rxd5 Rc8 42. c3 bxc3 43. bxc3 e6 44. Ra5 Rc6 45. f4 Rd6 46. Kg2 Rd2 47. Kf3 Rd3+ 48. Kf2 Rxh3 49. Rxa6 Rh2+ 50. Kf3 Rh3+ 51. Ng3 Rh4 52. f5 exf5 53. exf5 g5 54. b4 Rf4+ 55. Kg2 Rc4 56. Ne2 g4 57. Ra3 Re4 58. Ng3 Re3 59. Rb3 Rd3 60. b5 Rd2+ 61. Kf1 Be3 62. Ne4 Rd7 63. Ke2 Bb6 64. c4 Rd4 65. Nd2 g3 66. Rxg3+ Kf6 67. Rd3 Rxd3 68. Kxd3 Kxf5 69. Nb3 Ke5 70. c5 Ba7 71. Kc4 f5 72. Nc1 Bb8 73. Nd3+ Ke4 74. b6 f4 75. c6 1-0

[Event "DSOL 2021"]
[Site "Germany"]
[Date "2021.02.23"]
[Round "4.3"]
[White "Schnegelsberg, Karl-Heinz"]
[Black "Weischenberg, Juergen"]
[Result "1-0"]
[WhiteElo "1961"]
[BlackElo "1494"]
[Annotator "ChessBase"]
[PlyCount "71"]
[EventDate "2021.01.18"]
[EventType "team-tourn"]
[EventCountry "GER"]
[SourceTitle "playchess.com"]
[Source "ChessBase"]
[SourceQuality "1"]

1. Nf3 d5 2. g3 Nf6 3. Bg2 e6 4. d3 c5 5. O-O Nc6 6. Nbd2 Be7 7. e4 b6 8. Re1 Bb7 9. e5 Nd7 10. c4 O-O 11. cxd5 exd5 12. e6 fxe6 13. Rxe6 Bf6 14. Re1 Re8 15. Nf1 Rxe1 16. Nxe1 Nd4 17. Ne3 Ne5 18. N1c2 Ne6 19. f4 Nf7 20. Ng4 Rb8 21. f5 Nd4 22. Bf4 Nd6 23. Nce3 Rc8 24. Nxd5 Ba8 25. Ngxf6+ gxf6 26. Qg4+ Kh8 27. Re1 Nf7 28. Ne7 Bxg2 29. Kxg2 Nc2 30. Re4 Qxd3 31. Re6 Rd8 32. h4 Ne5 33. Rxe5 Re8 34. Ng6+ hxg6 35. Rxe8+ Kg7 36. Qxg6# 1-0

[Event "DSOL 2021"]
[Site "Germany"]
[Date "2021.02.22"]
[Round "4.3"]
[White "Zimmermann, Manfred"]
[Black "Spelleken, Hans-Gerd"]
[Result "0-1"]
[WhiteElo "1932"]
[BlackElo "1706"]
[Annotator "TA"]
[PlyCount "98"]
[EventDate "2021.01.18"]
[EventType "team-tourn"]
[EventCountry "GER"]
[SourceTitle "playchess.com"]
[Source "ChessBase"]
[SourceQuality "1"]

1. d4 d5 2. Nf3 Nf6 3. e3 Bf5 4. Bd3 Bg4 5. Nbd2 c6 6. c4 e6 7. O-O Bd6 8. Qc2 O-O 9. Ne5 Bh5 10. f4 Nbd7 11. h3 dxc4 12. Ndxc4 Bxe5 13. dxe5 Nc5 14. exf6 Qxd3 15. Qxd3 Nxd3 16. fxg7 Rfd8 17. g4 Bg6 18. f5 exf5 19. gxf5 Bh5 20. Kh2 Kxg7 21. Rg1+ Kf6 22. e4 Nxc1 23. Raxc1 b5 24. e5+ Kxf5 25. Rgf1+ Ke6 26. Ne3 Rd2+ 27. Kh1 Kd7 28. Rc2 Rd3 29. Re1 Rg8 30. Kh2 Rg5 31. Ng2 Rd5 32. Nf4 Rdxe5 33. Rd2+ Kc7 34. Rg1 Rxg1 35. Kxg1 Bg6 36. Kf2 Be4 37. Kg3 f5 38. Kh4 a5 39. Kg5 Bb1 40. Kf6 Re3 41. a3 Re4 42. Ne6+ Kb6 43. Nd4 Rh4 44. Nxf5 Rf4 45. Ke5 Rxf5+ 46. Ke6 Rh5 47. Kd6 Rxh3 48. Rd1 Rd3+ 49. Rxd3 Bxd3 0-1

[Event "DSOL 2021"]
[Site "Germany"]
[Date "2021.02.24"]
[Round "4.3"]
[White "Dieball, Cai"]
[Black "Sabirov, Rafael"]
[Result "1-0"]
[WhiteElo "1916"]
[BlackElo "1635"]
[Annotator "RC"]
[PlyCount "107"]
[EventDate "2021.01.18"]
[EventType "team-tourn"]
[EventCountry "GER"]
[SourceTitle "playchess.com"]
[Source "ChessBase"]
[SourceQuality "1"]

1. d4 Nf6 2. c4 c5 3. d5 b5 4. cxb5 a6 5. b6 Qxb6 6. Nc3 g6 7. e4 d6 8. Be2 Bg7 9. Nf3 O-O 10. Nd2 e6 11. Nc4 Qc7 12. dxe6 Bxe6 13. Qxd6 Qb7 14. O-O Nbd7 15. Na5 Qb8 16. Rd1 Ne8 17. Qxb8 Rxb8 18. Nc6 Rb6 19. Ne7+ Kh8 20. Ned5 Rc6 21. Be3 f5 22. exf5 gxf5 23. Nf4 Ne5 24. Nxe6 Rxe6 25. Bxc5 Rg8 26. f4 Rc6 27. Bd4 Ng6 28. Bxg7+ Nxg7 29. g3 Ne6 30. Kf2 Rb8 31. Rd2 Nc5 32. Rad1 Kg7 33. Bf3 Rcb6 34. b3 a5 35. Rd5 Rc8 36. Rd8 Rxd8 37. Rxd8 a4 38. Rc8 Nxb3 39. Nxa4 Rb4 40. axb3 Rxb3 41. Rc7+ Kh6 42. Rb7 Ra3 43. Nc5 Ra2+ 44. Be2 Nf8 45. Rb6+ Ng6 46. Nd3 Ra8 47. Ne5 Rg8 48. Rf6 Rf8 49. Rxf8 Nxf8 50. Bd3 Kg7 51. Bxf5 Kf6 52. Nd7+ Kxf5 53. Nxf8 h5 54. Kf3 1-0

[Event "DSOL 2021"]
[Site "Germany"]
[Date "2021.02.22"]
[Round "4.3"]
[White "Eurich, Jannik"]
[Black "Strohmann, Andreas"]
[Result "0-1"]
[WhiteElo "1907"]
[BlackElo "1790"]
[Annotator "TA"]
[PlyCount "36"]
[EventDate "2021.01.18"]
[EventType "team-tourn"]
[EventCountry "GER"]
[SourceTitle "playchess.com"]
[Source "ChessBase"]
[SourceQuality "1"]

1. e4 d5 2. exd5 Nf6 3. Nc3 Nxd5 4. Nxd5 Qxd5 5. Nf3 Bg4 6. Be2 Nc6 7. O-O e5 8. Nxe5 Bxe2 9. Qxe2 Nxe5 10. f4 Bc5+ 11. Kh1 O-O 12. fxe5 Rae8 13. c3 Rxe5 14. Qf3 Qxf3 15. gxf3 Re2 16. d4 Bd6 17. f4 Rfe8 18. Rf2 Rxf2 0-1

[Event "DSOL 2021"]
[Site "Germany"]
[Date "2021.02.23"]
[Round "4.3"]
[White "Poetsch, Matthias"]
[Black "Fahland, Maximilian"]
[Result "1-0"]
[WhiteElo "1903"]
[BlackElo "1951"]
[Annotator "ChessBase"]
[PlyCount "73"]
[EventDate "2021.01.18"]
[EventType "team-tourn"]
[EventCountry "GER"]
[SourceTitle "playchess.com"]
[Source "ChessBase"]
[SourceQuality "1"]

1. d4 d5 2. c4 e6 3. Bf4 Nf6 4. e3 c6 5. Nc3 Bd6 6. Bxd6 Qxd6 7. c5 Qc7 8. b4 O-O 9. Nf3 Nbd7 10. Be2 e5 11. O-O Re8 12. h3 exd4 13. exd4 Nf8 14. Bd3 Ng6 15. a4 Nf4 16. Bc2 Be6 17. Ne5 Nd7 18. Qf3 Ng6 19. Nxd7 Bxd7 20. Rfe1 Qf4 21. Qxf4 Nxf4 22. Kf1 h6 23. Ne2 Nxe2 24. Rxe2 Rxe2 25. Kxe2 Re8+ 26. Kd2 g5 27. Bd3 f5 28. b5 f4 29. a5 Rc8 30. a6 bxa6 31. Rxa6 Rc7 32. b6 axb6 33. cxb6 Rb7 34. Ra7 Bc8 35. Ra8 Rxb6 36. Rxc8+ Kg7 37. Kc3 1-0

[Event "DSOL 2021"]
[Site "Germany"]
[Date "2021.02.22"]
[Round "4.3"]
[White "Barskij, Aleksandr"]
[Black "Schwenck, Mathias"]
[Result "1/2-1/2"]
[WhiteElo "1887"]
[BlackElo "1965"]
[Annotator "TA"]
[PlyCount "78"]
[EventDate "2021.01.18"]
[EventType "team-tourn"]
[EventCountry "GER"]
[SourceTitle "playchess.com"]
[Source "ChessBase"]
[SourceQuality "1"]

1. e4 c5 2. Nc3 Nc6 3. Bb5 g6 4. Bxc6 dxc6 5. f4 Bg7 6. Nf3 Nf6 7. O-O O-O 8. d3 Bg4 9. h3 Bxf3 10. Qxf3 c4 11. e5 Nd5 12. dxc4 Nxc3 13. Qxc3 f6 14. Be3 fxe5 15. fxe5 Qc7 16. c5 Qxe5 17. Qxe5 Bxe5 18. Rxf8+ Rxf8 19. Rd1 Kf7 20. Rd7 Rb8 21. Bg5 Bf6 22. Bf4 Ke6 23. Rxe7+ Bxe7 24. Bxb8 Bxc5+ 25. Kf1 Kd5 26. Ke2 Ke4 27. Bg3 a6 28. a4 b5 29. axb5 cxb5 30. Bc7 Bd4 31. c3 Bc5 32. Bd8 Bd6 33. Bb6 Be5 34. Bf2 a5 35. Kd2 a4 36. Kc2 Bf4 37. Bc5 h5 38. b3 axb3+ 39. Kxb3 Kd5 1/2-1/2

[Event "DSOL 2021"]
[Site "Germany"]
[Date "2021.02.23"]
[Round "4.3"]
[White "Stirnberg, Noah"]
[Black "Hinkmann, Jens"]
[Result "1-0"]
[WhiteElo "1869"]
[BlackElo "2104"]
[Annotator "ChessBase"]
[PlyCount "95"]
[EventDate "2021.01.18"]
[EventType "team-tourn"]
[EventCountry "GER"]
[SourceTitle "playchess.com"]
[Source "ChessBase"]
[SourceQuality "1"]

1. e4 e5 2. Nf3 Nc6 3. Bb5 a6 4. Ba4 Nf6 5. O-O Nxe4 6. Re1 Nc5 7. Bxc6 dxc6 8. d4 Ne6 9. Nxe5 Be7 10. c3 O-O 11. Be3 Bd6 12. Nd3 Qh4 13. h3 f5 14. Nd2 f4 15. Nf3 Qh5 16. Bd2 Ng5 17. Nxg5 Qxg5 18. Qf3 Qd5 19. Qxd5+ cxd5 20. f3 g5 21. Ne5 Bf5 22. h4 h6 23. hxg5 hxg5 24. g3 Bh7 25. gxf4 gxf4 26. Kf2 Bxe5 27. Rxe5 Rae8 28. Rg1+ Kf7 29. Bxf4 c6 30. Rh1 Bg6 31. Bg5 Rxe5 32. dxe5 Ke6 33. Rh6 Kf5 34. f4 Rf7 35. Kf3 Rh7 36. Rxg6 Kxg6 37. Kg4 Rf7 38. e6 Rf8 39. Be7 Rf5 40. Bd6 Rh5 41. Bc5 Rh2 42. Bd4 Rg2+ 43. Kf3 Rxb2 44. f5+ Kxf5 45. e7 c5 46. Bxc5 b6 47. Be3 Rb1 48. e8=Q 1-0

[Event "DSOL 2021"]
[Site "Germany"]
[Date "2021.02.23"]
[Round "4.3"]
[White "Kort, Felix"]
[Black "Palme, Holger"]
[Result "0-1"]
[WhiteElo "1850"]
[BlackElo "1911"]
[Annotator "ChessBase"]
[PlyCount "98"]
[EventDate "2021.01.18"]
[EventType "team-tourn"]
[EventCountry "GER"]
[SourceTitle "playchess.com"]
[Source "ChessBase"]
[SourceQuality "1"]

1. d4 Nf6 2. c4 e5 3. dxe5 Ng4 4. Bf4 Bb4+ 5. Nd2 Nc6 6. Ngf3 Qe7 7. e3 Ngxe5 8. Nxe5 Nxe5 9. a3 Bxd2+ 10. Qxd2 d6 11. Be2 O-O 12. O-O b6 13. b4 Re8 14. Rfc1 Ba6 15. Qc2 Nd7 16. Bf3 Rab8 17. Qa4 Bb7 18. Bxb7 Rxb7 19. Qc6 Reb8 20. Rd1 Nf8 21. e4 a5 22. Rd5 Qf6 23. Re1 Qxf4 24. g3 Qf6 25. Rf5 Qc3 26. Re3 Qc1+ 27. Kg2 Qd1 28. e5 dxe5 29. Rexe5 Qd7 30. Qe4 c5 31. bxc5 bxc5 32. Rxc5 Re8 33. Qc2 Rc7 34. Rfd5 Rxc5 35. Rxd7 Nxd7 36. Qa4 Nf6 37. Qb3 Rec8 38. Qb6 h6 39. a4 Nd7 40. Qd6 Ne5 41. Qa6 Nxc4 42. h4 Nb2 43. g4 Nxa4 44. Kg3 Nc3 45. f4 Nd5 46. g5 Rc3+ 47. Kg4 Ne3+ 48. Kh5 g6+ 49. Kxh6 Nf5# 0-1

[Event "DSOL 2021"]
[Site "Germany"]
[Date "2021.02.22"]
[Round "4.3"]
[White "Edelmann, Oliver"]
[Black "Ulrich, Andreas"]
[Result "0-1"]
[WhiteElo "1845"]
[BlackElo "1925"]
[Annotator "TA"]
[PlyCount "102"]
[EventDate "2021.01.18"]
[EventType "team-tourn"]
[EventCountry "GER"]
[SourceTitle "playchess.com"]
[Source "ChessBase"]
[SourceQuality "1"]

1. d4 Nf6 2. c4 d6 3. Nc3 e5 4. e3 c6 5. Nf3 Nbd7 6. Be2 g6 7. a3 Bg7 8. b4 O-O 9. O-O Re8 10. Bb2 e4 11. Nd2 Qe7 12. Qc2 Nf8 13. Rac1 a6 14. b5 axb5 15. cxb5 Bd7 16. Nc4 d5 17. Nb6 Ra7 18. Nxd7 Qxd7 19. a4 Rc8 20. Qb3 Ne6 21. b6 Ra5 22. Ba3 Bf8 23. Bxf8 Rxf8 24. Qb4 Rfa8 25. Ra1 Kg7 26. Ra3 Ng5 27. Na2 Ne8 28. Ra1 Qd6 29. Qxd6 Nxd6 30. Nc1 Nc4 31. Bxc4 dxc4 32. Ne2 f5 33. Kf1 R8a6 34. Rb1 Rxa4 35. Rxa4 Rxa4 36. Nc3 Ra3 37. Rc1 Kf6 38. d5 cxd5 39. Nxd5+ Ke5 40. Ne7 c3 41. h4 Ne6 42. h5 gxh5 43. g3 Nc5 44. Nc8 Nd3 45. Rc2 Nb4 46. Rc1 Kd5 47. Kg2 Nd3 48. Rc2 Kc4 49. Nd6+ Kb3 50. Nb5 Ne1+ 51. Kf1 Nxc2 0-1

[Event "DSOL 2021"]
[Site "Germany"]
[Date "2021.02.25"]
[Round "4.3"]
[White "Haack, Kevin"]
[Black "Aldag, Thomas"]
[Result "1/2-1/2"]
[WhiteElo "1835"]
[BlackElo "2058"]
[Annotator "TA"]
[PlyCount "102"]
[EventDate "2021.01.18"]
[EventType "team-tourn"]
[EventCountry "GER"]
[SourceTitle "playchess.com"]
[Source "ChessBase"]
[SourceQuality "1"]

1. c4 c6 2. e4 e5 3. Nf3 d6 4. d4 exd4 5. Nxd4 Nf6 6. Nc3 Be7 7. Be2 O-O 8. Be3 c5 9. Nc2 Nc6 10. O-O a6 11. f3 Qc7 12. Qd2 Be6 13. Rad1 Rad8 14. Kh1 Ne5 15. b3 Ng6 16. f4 Bg4 17. Bxg4 Nxg4 18. Bg1 Nf6 19. Ne3 Rfe8 20. Ned5 Qa5 21. f5 Nxd5 22. fxg6 Nf6 23. gxf7+ Kxf7 24. Qc2 Kg8 25. Be3 Qc7 26. Bg5 Qc6 27. Qf2 Rf8 28. Bxf6 Bxf6 29. Nd5 Qe8 30. Qg3 Be5 31. Qg4 Rxf1+ 32. Rxf1 Rd7 33. h3 h5 34. Qg5 Rf7 35. Rf5 Rxf5 36. Qxf5 Qf7 37. g4 Qxf5 38. gxf5 Kf7 39. Kg2 g6 40. Kf3 g5 41. Nc7 Kf6 42. Ne6 b5 43. Nc7 bxc4 44. bxc4 a5 45. Ne6 Bb2 46. Nd8 a4 47. Nc6 Bc1 48. Kg3 Bf4+ 49. Kf3 Bc1 50. Nb8 Ke7 51. Nc6+ Kf6 1/2-1/2

[Event "DSOL 2021"]
[Site "Germany"]
[Date "2021.02.26"]
[Round "4.3"]
[White "Lapin, Oleg"]
[Black "Schoeneberg, Manfred"]
[Result "1/2-1/2"]
[WhiteElo "1832"]
[BlackElo "2133"]
[Annotator "RC"]
[PlyCount "103"]
[EventDate "2021.01.18"]
[EventType "team-tourn"]
[EventCountry "GER"]
[SourceTitle "playchess.com"]
[Source "ChessBase"]
[SourceQuality "1"]
[WhiteTeam "SK Rochade Augsburg"]
[BlackTeam "TSG Taucha I"]

1. e4 c5 2. Nf3 a6 3. d4 cxd4 4. Nxd4 Nf6 5. Nc3 e5 6. Nb3 Bb4 7. f3 O-O 8. a3 Bxc3+ 9. bxc3 d5 10. exd5 Qxd5 11. Be3 Nc6 12. c4 Qxd1+ 13. Rxd1 Bf5 14. Rd2 Rfe8 15. g4 Be6 16. h4 e4 17. g5 Nh5 18. f4 Ng3 19. Rg1 Nxf1 20. Kxf1 Bxc4+ 21. Kf2 Rac8 22. Bb6 Ne7 23. Nd4 e3+ 24. Kxe3 Nd5+ 25. Kf3 Nxb6 26. Nf5 Be6 27. Nd6 Rc3+ 28. Kf2 Rd8 29. Rb1 Rc6 30. Rbd1 g6 31. Nxb7 Rxd2+ 32. Rxd2 Kf8 33. Nd8 Rc3 34. Nxe6+ fxe6 35. Rd6 Rxc2+ 36. Kf3 Rb2 37. Rxe6 a5 38. Kg4 a4 39. h5 gxh5+ 40. Kxh5 Nd5 41. Re4 Rh2+ 42. Kg4 Nc3 43. Rc4 Rc2 44. Kf5 Ke7 45. Rc7+ Kd6 46. Rxh7 Nd5 47. g6 Rc4 48. Rh4 Ne7+ 49. Kf6 Nd5+ 50. Kf5 Ne7+ 51. Kf6 Nd5+ 52. Kf5 1/2-1/2

[Event "DSOL 2021"]
[Site "Germany"]
[Date "2021.02.23"]
[Round "4.3"]
[White "Gaertner, Lars-Florian"]
[Black "Greim, Roman"]
[Result "1-0"]
[WhiteElo "1798"]
[BlackElo "1613"]
[Annotator "NA"]
[PlyCount "51"]
[EventDate "2021.01.18"]
[EventType "team-tourn"]
[EventCountry "GER"]
[SourceTitle "playchess.com"]
[Source "ChessBase"]
[SourceQuality "1"]

1. e4 c5 2. c3 e6 3. d4 cxd4 4. cxd4 d6 5. Nf3 Nf6 6. Bd3 Nc6 7. O-O Be7 8. Nc3 Bd7 9. Be3 a6 10. Rc1 Qa5 11. h3 O-O 12. a3 Rfc8 13. Qd2 Ne8 14. b4 Qh5 15. Rfe1 e5 16. dxe5 Bxh3 17. Nd5 dxe5 18. Rxc6 Rxc6 19. Nxe7+ Kh8 20. Nxc6 Qg4 21. Bf1 bxc6 22. Nxe5 Qe6 23. Bf4 Bg4 24. Bc4 Qf6 25. Nxf7+ Kg8 26. Nh6+ 1-0

[Event "DSOL 2021"]
[Site "Germany"]
[Date "2021.02.26"]
[Round "4.3"]
[White "Schaefer, Konstantin"]
[Black "Hart, Martin"]
[Result "0-1"]
[WhiteElo "1754"]
[BlackElo "2010"]
[Annotator "TA"]
[PlyCount "126"]
[EventDate "2021.01.18"]
[EventType "team-tourn"]
[EventCountry "GER"]
[SourceTitle "playchess.com"]
[Source "ChessBase"]
[SourceQuality "1"]
[WhiteTeam "SG Leipzig"]
[BlackTeam "SV Hellern I"]

1. e4 Nf6 2. e5 Nd5 3. c4 Nb6 4. d4 d6 5. exd6 cxd6 6. d5 e5 7. Nc3 g6 8. Bd3 Bg7 9. Nge2 O-O 10. O-O f5 11. b3 Na6 12. Ba3 Nc5 13. Rc1 a5 14. Nb5 Qf6 15. Nec3 Bd7 16. Qd2 Rae8 17. f3 h5 18. Bc2 Kh7 19. Qf2 Rc8 20. Na7 Rc7 21. Ncb5 Bxb5 22. Nxb5 Rcc8 23. Rce1 Nbd7 24. Qd2 b6 25. Bb2 Qe7 26. Nc3 Rce8 27. Ne2 Qf7 28. f4 Bh6 29. g3 h4 30. Kg2 Nf6 31. b4 Nce4 32. Qe3 Ng4 33. Qxb6 Rb8 34. Qxa5 Ne3+ 35. Kg1 Nxc2 36. Rc1 Nxb4 37. Bc3 Nd3 38. Rc2 hxg3 39. hxg3 Nxc3 40. Qxc3 e4 41. Kg2 Bg7 42. Rh1+ Kg8 43. Qa3 Qc7 44. Nc3 Qc5 45. Qxc5 Nxc5 46. Nb5 Rfd8 47. Kf2 Ra8 48. Ke3 Ra4 49. Rhc1 Rda8 50. a3 Kf8 51. Rh1 Kg8 52. Rhc1 R8a6 53. Rg2 Nb3 54. Rcc2 Na5 55. c5 dxc5 56. Rxc5 Nc4+ 57. Ke2 Nxa3 58. Rc8+ Bf8 59. d6 Nxb5 60. d7 Nd4+ 61. Ke3 Ne6 62. Re8 Ra3+ 63. Ke2 Rd3 0-1

[Event "DSOL 2021"]
[Site "Germany"]
[Date "2021.02.25"]
[Round "4.3"]
[White "Shikhman, Vladimir"]
[Black "Skogvall, Martina"]
[Result "1-0"]
[WhiteElo "1671"]
[BlackElo "1620"]
[Annotator "NA RC"]
[PlyCount "49"]
[EventDate "2021.01.18"]
[EventType "team-tourn"]
[EventCountry "GER"]
[SourceTitle "playchess.com"]
[Source "ChessBase"]
[SourceQuality "1"]

1. e4 e6 2. d4 d5 3. e5 c5 4. c3 Nc6 5. Nf3 Qb6 6. a3 c4 7. Be2 Bd7 8. O-O f6 9. Nbd2 Na5 10. h3 Be7 11. exf6 gxf6 12. Rb1 O-O-O 13. b3 cxb3 14. c4 dxc4 15. Nxc4 Nxc4 16. Bxc4 Ba4 17. Qe2 Rd6 18. Bf4 Rc6 19. Rfe1 Bxa3 20. d5 Rc5 21. d6 e5 22. Nxe5 Rxe5 23. Bxe5 Bxd6 24. Bxd6 Qxd6 25. Bxg8 1-0

[Event "DSOL 2021"]
[Site "Germany"]
[Date "2021.02.22"]
[Round "4.3"]
[White "Dawid, Adalbert"]
[Black "Blomel, Christopher"]
[Result "1-0"]
[WhiteElo "1620"]
[BlackElo "1741"]
[Annotator "NA RC"]
[PlyCount "67"]
[EventDate "2021.01.18"]
[EventType "team-tourn"]
[EventCountry "GER"]
[SourceTitle "playchess.com"]
[Source "ChessBase"]
[SourceQuality "1"]

1. d4 f5 2. e4 fxe4 3. Nc3 Nf6 4. Bg5 Nc6 5. d5 Ne5 6. Qd4 Nf7 7. Bh4 g5 8. Bg3 Bg7 9. Nge2 c6 10. O-O-O O-O 11. Qe3 Qa5 12. h4 Nxd5 13. Nxd5 cxd5 14. Kb1 d6 15. hxg5 Ne5 16. Nd4 Ng4 17. Qe2 Qa4 18. Nb3 Be6 19. f3 Ne5 20. Nd4 Bd7 21. fxe4 Bg4 22. Qd2 Bxd1 23. Qxd1 Ng6 24. Ne6 Qb4 25. Nxg7 Kxg7 26. exd5 Rf5 27. a3 Qc5 28. Qh5 Rxf1+ 29. Rxf1 Qxd5 30. Rh1 Nf8 31. Qh6+ Kg8 32. g6 Qxg2 33. gxh7+ Kh8 34. Bxd6 1-0

[Event "DSOL 2021"]
[Site "Germany"]
[Date "2021.02.25"]
[Round "4.3"]
[White "Esser, Jochen"]
[Black "Brettschneider, Karl"]
[Result "1-0"]
[WhiteElo "1620"]
[BlackElo "1968"]
[Annotator "TA"]
[PlyCount "51"]
[EventDate "2021.01.18"]
[EventType "team-tourn"]
[EventCountry "GER"]
[SourceTitle "playchess.com"]
[Source "ChessBase"]
[SourceQuality "1"]

1. e4 c5 2. Nf3 Nc6 3. d4 cxd4 4. c3 dxc3 5. Nxc3 d6 6. Bc4 e6 7. O-O a6 8. Qe2 Be7 9. Rd1 Qa5 10. Bf4 Ne5 11. Bb3 Nf6 12. Nxe5 dxe5 13. Bd2 O-O 14. Rac1 b5 15. Nd5 Qd8 16. Nxf6+ Bxf6 17. Bb4 Qb6 18. Bxf8 Kxf8 19. Rd3 a5 20. a3 Ba6 21. Rd7 a4 22. Rcc7 axb3 23. Rxf7+ Kg8 24. Qg4 Rc8 25. Rxg7+ Kf8 26. Rg8# 1-0

[Event "DSOL 2021"]
[Site "Germany"]
[Date "2021.02.23"]
[Round "4.3"]
[White "Haas, Ralf"]
[Black "Alal"]
[Result "0-1"]
[WhiteElo "1620"]
[BlackElo "1604"]
[Annotator "NA"]
[PlyCount "56"]
[EventDate "2021.01.18"]
[EventType "team-tourn"]
[EventCountry "GER"]
[SourceTitle "playchess.com"]
[Source "ChessBase"]
[SourceQuality "1"]

1. d4 d5 2. Nf3 e6 3. e3 Nf6 4. Bd3 Be7 5. Nbd2 c6 6. O-O Nbd7 7. c3 O-O 8. e4 dxe4 9. Nxe4 b6 10. Re1 Bb7 11. Nxf6+ Nxf6 12. Bf4 c5 13. Ne5 cxd4 14. cxd4 Qd5 15. Nf3 Rad8 16. Be5 Qd7 17. Bxf6 Bxf6 18. Ne5 Bxe5 19. Rxe5 Qxd4 20. Re3 Ba6 21. Qf3 Bxd3 22. Rd1 Be2 23. Rxd4 Bxf3 24. Rxd8 Rxd8 25. gxf3 Rd2 26. Kg2 Rxb2 27. Ra3 a5 28. Rc3 g6 0-1

[Event "DSOL 2021"]
[Site "Germany"]
[Date "2021.02.25"]
[Round "4.3"]
[White "Kuepper, Victor"]
[Black "Blome, Johannes"]
[Result "1-0"]
[WhiteElo "1620"]
[BlackElo "1849"]
[Annotator "NA RC"]
[PlyCount "100"]
[EventDate "2021.01.18"]
[EventType "team-tourn"]
[EventCountry "GER"]
[SourceTitle "playchess.com"]
[Source "ChessBase"]
[SourceQuality "1"]

1. e4 c5 2. Nf3 e6 3. d4 cxd4 4. Nxd4 Nf6 5. Nc3 Nc6 6. Be2 Bb4 7. O-O Bxc3 8. bxc3 Nxe4 9. Nxc6 dxc6 10. Qxd8+ Kxd8 11. Bf3 Nf6 12. Rd1+ Bd7 13. Rb1 Kc8 14. c4 Rd8 15. Bb2 Ne8 16. Rd3 f6 17. Ba3 Kc7 18. Rbd1 c5 19. Bxc5 Bc6 20. Bg4 f5 21. Be2 Be4 22. Rxd8 Rxd8 23. Bxa7 Rxd1+ 24. Bxd1 b6 25. c5 b5 26. Be2 Bxc2 27. Bxb5 Nf6 28. a4 Nd5 29. a5 Nb4 30. Bb6+ Kb7 31. f3 e5 32. Kf2 Bd3 33. c6+ Kc8 34. Bxd3 Nxd3+ 35. Ke3 Nb4 36. c7 Nd5+ 37. Kd3 Nxc7 38. Bxc7 Kxc7 39. Kc4 Kc6 40. g4 g6 41. h4 h5 42. g5 Kd6 43. a6 Kc6 44. a7 Kb7 45. Kd5 e4 46. fxe4 f4 47. Kd4 Kxa7 48. e5 f3 49. Ke3 f2 50. Kxf2 Kb6 1-0

[Event "DSOL 2021"]
[Site "Germany"]
[Date "2021.02.23"]
[Round "4.3"]
[White "Schlueter, Matthias"]
[Black "Knoll, Mathias"]
[Result "1-0"]
[WhiteElo "1620"]
[BlackElo "1554"]
[Annotator "NA"]
[PlyCount "61"]
[EventDate "2021.01.18"]
[EventType "team-tourn"]
[EventCountry "GER"]
[SourceTitle "playchess.com"]
[Source "ChessBase"]
[SourceQuality "1"]

1. e4 e5 2. Nf3 Nf6 3. Nc3 Nc6 4. Bc4 h6 5. d3 Bc5 6. h3 d6 7. a3 a5 8. Be3 Bxe3 9. fxe3 O-O 10. Qd2 Re8 11. O-O-O Be6 12. Bb5 Bd7 13. g4 Na7 14. Bxd7 Qxd7 15. g5 hxg5 16. Nxg5 b5 17. Nd5 Nxd5 18. exd5 a4 19. h4 Kh8 20. Rdf1 f6 21. Ne6 c6 22. e4 Nc8 23. h5 Nb6 24. Rfg1 Rg8 25. Rg6 cxd5 26. h6 Rge8 27. hxg7+ Kg8 28. Rh8+ Kf7 29. Nf8 Qd8 30. g8=Q+ Ke7 31. Qe6# 1-0